| 000 | 01122cam a2200217 4500 | ||
|---|---|---|---|
| 001 | WB4005-08 | ||
| 008 | 040204n2004 000 0 eng u | ||
| 035 | _a(Sirsi) u125029 | ||
| 245 | _aOpen access to the countryside | ||
| 260 | _c2004 | ||
| 490 |
_aDEFRA Information Bulletin _v(38/04) 3 February 2003, (2) |
||
| 490 |
_aDEFRA News Release _v(26/04) 29 January 2004, (2) |
||
| 520 | _aDEFRA has announced initiatives into making the countryside more accessible to the public. Guidance has been published on dedicating land voluntarily under the Countryside and Rights of Way Act 2000 and a three month consultation into whether regulations should be made to limit open access to land announced. Copies of the guidance are available from http://www.defra.gov.uk/wildlife-countryside/cl/ac cessopen.htm. The consultation paper is available from http://www.defra.gov.uk/corporate/consult/public-p laces/index.htm. | ||
| 590 | _aWB | ||
| 590 | _aWB | ||
| 650 | _aCOUNTRYSIDE AND RIGHTS OF WAY ACT 2000 | ||
| 650 | _aPUBLIC ACCESS | ||
| 650 | _aRIGHT TO ROAM | ||
| 690 | _aENVIRONMENT-MANAGEMENT | ||
| 942 | _n0 | ||
| 999 |
_c117000 _d117000 |
||